LEADER 00679ojm 2200241z- 450 001 9910151954103321 005 20230913112557.0 010 $a1-68262-519-2 035 $a(CKB)3710000000953634 035 $a(BIP)052972999 035 $a(EXLCZ)993710000000953634 100 $a20231107c2016uuuu -u- - 101 0 $aeng 200 10$aCasey, Crime Photographer: Volume 1 210 $cDreamscape Media 517 $aCasey, Crime Photographer 610 $aPerforming Arts 610 $aRadio Broadcasts (General) 700 $aCoxe$b George H.$01435319 906 $aAUDIO 912 $a9910151954103321 996 $aCasey, Crime Photographer: Volume 1$93594653 997 $aUNINA LEADER 05786 am 2200913 n 450 001 9910418029803321 005 20191029 010 $a987-4960-17-5 024 7 $a10.4000/books.eunrn.4028 035 $a(CKB)4100000010138533 035 $a(FrMaCLE)OB-eunrn-4028 035 $a(oapen)https://directory.doabooks.org/handle/20.500.12854/60927 035 $a(PPN)242886523 035 $a(EXLCZ)994100000010138533 100 $a20200127j|||||||| ||| 0 101 0 $aspa 135 $auu||||||m|||| 181 $ctxt$2rdacontent 182 $cc$2rdamedia 183 $acr$2rdacarrier 200 10$aLa tierra de los otros $eLa dimensión territorial del genocidio indígena en Río Negro y sus efectos en el presente /$fLorena Cañuqueo, Laura Kropff, Pilar Pérez, Julieta Wallace 210 $aViedma $cEditorial UNRN$d2019 215 $a1 online resource (298 p.) 311 $a987-4960-12-4 327 $aCambios y continuidades en las (des)territorializaciones estatales en Ri?o Negro (1878-1955) / Pilar Pe?rez y Walter Delirio -- Procesos de territorializacio?n y reservas indi?genas en N?orquinco? / Mari?a Laura Martinelli -- Racismo estatal y alienacio?n indi?gena en el proceso de concentracio?n de tierras de una casa comercial en la Li?nea Sur / Laura Kropff -- Racismo, fijacio?n y movilidad social en los parajes del oeste del Pichileufu / Natalia Cano y Pilar Pe?rez -- Catriel : tenencia de la tiera y ordenamiento territorial en una localidad petrolera / Laura Mombello y Ana Spivak L'Hoste -- Relaciones capitalistas y conflictos territoriales / Valeria In?igo Carrera -- El conflicto de tierras en Las Aguadas / Melisa Szmulewicz, Iris Liscovsky y Sabrina Picone -- La tierra pu?blica en Ri?o Negro / Lorena Can?uqueo y Julieta Wallace -- Una poli?tica pu?blica de proteccio?n a la tierra en la Legislatura de la Provincia de Ri?o Negro / Ce?sar Miguel y Julieta Wallace. 330 $aLa incorporación de la Patagonia al Estado nacional se concretó a través de la violencia genocida sobre los pueblos originarios, violencia que instaló criterios racistas aún hoy presentes en las políticas públicas y el sentido común mayoritario. Este libro revela y constata esa continuidad histórica a través de la investigación interdisciplinaria sobre el acceso diferenciado al uso y la propiedad de tierras fiscales en la provincia de Río Negro. En este sentido, si bien el punto de partida es el de los conflictos observados en la actualidad en diferentes localizaciones del territorio provincial, los trabajos reunidos en el volumen reponen los procesos históricos y los contextos etnográficos que permiten visualizar y comprender las múltiples dimensiones de una problemática cuya complejidad se remonta a ?y se estructura por? las consecuencias de la Conquista del Desierto. Además de la descripción de casos enriquecida por la investigación en archivos y la consulta de fuentes orales, el libro incluye el estudio de las leyes provinciales relativas a las tierras fiscales y los derechos de los pueblos originarios y de la aplicación de esas normas por parte del Estado rionegrino en distintas etapas históricas, con el objetivo de contribuir a la necesaria reformulación de las políticas públicas de ordenamiento territorial. The incorporation of Patagonia into the Argentine State was concretized through the genocidal violence against the native peoples, violence that installed racist criteria still present in public policies and common sense. This book reveals and confirms this historical continuity through interdisciplinary research on differential access to the use and ownership of fiscal lands in the province of Río Negro. In this sense, although the starting point is that of the conflicts observed at present in different locations of the provincial territory, the works gathered in the volume replenish the historical processes and ethnographic contexts that allow to? 606 $aHistory 606 $aEthnic Studies 606 $aAnthropology 606 $agénocide 606 $aterre fiscale 606 $apolitiques indigènes 606 $aPatagonia 606 $agenocide 606 $afiscal land 606 $aindigenous policies 606 $agenocidio 606 $atierra fiscal 606 $apolíticas indígenas 610 $afiscal land 610 $agenocide 610 $aPatagonia 610 $aindigenous policies 615 4$aHistory 615 4$aEthnic Studies 615 4$aAnthropology 615 4$agénocide 615 4$aterre fiscale 615 4$apolitiques indigènes 615 4$aPatagonia 615 4$agenocide 615 4$afiscal land 615 4$aindigenous policies 615 4$agenocidio 615 4$atierra fiscal 615 4$apolíticas indígenas 700 $aCañuqueo$b Lorena$01315174 701 $aKropff$b Laura$01319904 701 $aPérez$b Pilar$01319905 701 $aWallace$b Julieta$01319906 701 $aCano$b Natalia$01319907 701 $aCañuqueo$b Lorena$01315174 701 $aCarrera$b Valeria Iñigo$01319908 701 $aDelrio$b Walter$01319909 701 $aKropff$b Laura$01319904 701 $aLiscovsky$b Iris Josefina$01319910 701 $aL´Hoste$b Ana Spivak$01319911 701 $aMartinelli$b María Laura$0288427 701 $aMiguel$b César$01319912 701 $aMombello$b Laura$01293251 701 $aPérez$b Pilar$01319905 701 $aPicone$b Sabrina Elizabeth$01319913 701 $aSzmulewicz$b Melisa$01319914 701 $aWallace$b Julieta$01319906 801 0$bFR-FrMaCLE 906 $aBOOK 912 $a9910418029803321 996 $aLa tierra de los otros$93034072 997 $aUNINA LEADER 05239nam 22005295 450 001 9910349262103321 005 20251225200452.0 010 $a9783319738307 010 $a3319738305 024 7 $a10.1007/978-3-319-73830-7 035 $a(CKB)4100000001794901 035 $a(DE-He213)978-3-319-73830-7 035 $a(MiAaPQ)EBC6285188 035 $a(MiAaPQ)EBC5591511 035 $a(Au-PeEL)EBL5591511 035 $a(OCoLC)1020286294 035 $a(PPN)223955353 035 $a(EXLCZ)994100000001794901 100 $a20180117d2018 u| 0 101 0 $aeng 135 $aurnn|008mamaa 181 $ctxt$2rdacontent 182 $cc$2rdamedia 183 $acr$2rdacarrier 200 10$aSmart Computing and Communication $eSecond International Conference, SmartCom 2017, Shenzhen, China, December 10-12, 2017, Proceedings /$fedited by Meikang Qiu 205 $a1st ed. 2018. 210 1$aCham :$cSpringer International Publishing :$cImprint: Springer,$d2018. 215 $a1 online resource (XII, 458 p. 199 illus.) 225 1 $aInformation Systems and Applications, incl. Internet/Web, and HCI,$x2946-1642 ;$v10699 311 08$a9783319738291 311 08$a3319738291 327 $aSphere Decoding Algorithm Based on A New Radius Definition -- Inferring travel purposes for transit smart card data using -- A Hybrid Music Recommendation System Based on Scene-State Perception Model -- Research on Parallel Architecture of OpenCL-based FPGA -- Smart Resource Allocation Using Reinforcement Learning in Content-Centric Cyber-Physical Systems -- An Effective Malware Detection based on Behaviour and Data Features -- Load Pattern Shape Clustering Analysis for Manufacturing -- A New Architecture of Smart House Control System -- Big Data Analysis of TV Dramas Based on Machine Learning -- Face Based Advertisement Recommendation -- Ensemble Learning for Crowd Flows Prediction on Campus -- Impact of Probability Distribution Selection on RVFL Performance -- Joint sparse locality preserving projections -- Research on Dynamic Safe Loading Techniques in Android Application Protection System -- Research on Optimizing Last Level Cache Performance for Hybrid Main Memory -- Quality of Service (Qos)in Lan To Lan Environments Through Modification of Packages -- Heuristic Algorithm for Flexible Optical Networks OTN -- Design for 3D Modeling System based on Vive -- A Knowledge Graph based Solution for Entity Discovery and Linking in Open-domain Questions -- Predicting App Usage Based on Link Prediction in User-App Bipartite Network -- Sentiment Classification of Reviews on Automobile Websites by Combining Word2Vec and Dependency Parsing -- Data Quality Evaluation: Methodology and Key Factors -- SecTubeSGX-based Trusted Transmission System -- The Research How to judge Social Vehicles driving into ART -- PSVA: A Content-based Publish/Subscribe Video Advertising Framework -- Practice and Research on Private Cloud Platform Based on OpenStack -- Approach for Semi-Automatic Construction of Anti-infective Drug Ontology based on Entity Linking -- Constructing Ontology-based Cancer Treatment Decision Support System with Case-Based Reasoning -- Using Virtualization for Blockchain Testing -- DiPotA DistributedIndustrial Honeypot System -- MSA vs.MVC: future trends for big data processing platforms -- Attention-aware Path-based Relation Extraction for Medical Knowledge Graph -- Information Centric Networking Media Streaming Experiment Platform Design -- An Implementation of Content-Based Pub/Sub System via Stream Computation -- Security Message Broadcast Mechanism Research in Vehicular Network -- Efficient Algorithm for Traffic Engineering in Multi-Domain Networks -- Reliable and efficient deployment for Virtual Network Functions -- Empirical Study of Data Allocation in Heterogeneous Memory -- NEM:A NEW In-VM Monitoring with High Efficiency and Strong Isolation -- k-CoFi: Modeling k-Granularity Preference Context in Collaborative Filtering -- Implementation Maximum Overall Coverage Constraint Nonnegative Matrix Factorization for Hyperspectral Mixed Pixels Analysis Using MapReduce -- Improved Three-dimensional Model Feature of Non-rigid Based on HKS -- An Object Detection Algorithm for Deep Learning Basedon Batch Normalization. 330 $aThis book constitutes the refereed proceedings of the Second International Conference on Smart Computing and Communications, SmartCom 2017, held in Shenzhen, China, in December 2017. The 43 papers presented in this volume were carefully reviewed and selected from 116 submissions. They deal with topics from smart data to smart communications, smart cloud computing and smart security. . 410 0$aInformation Systems and Applications, incl. Internet/Web, and HCI,$x2946-1642 ;$v10699 606 $aComputer networks 606 $aComputer Communication Networks 615 0$aComputer networks. 615 14$aComputer Communication Networks. 676 $a004 702 $aQiu$b Meikang$4edt$4http://id.loc.gov/vocabulary/relators/edt 801 0$bMiAaPQ 801 1$bMiAaPQ 801 2$bMiAaPQ 906 $aBOOK 912 $a9910349262103321 996 $aSmart Computing and Communication$91939023 997 $aUNINA